| 000 | 00802cam a2200241 a 4500 | ||
|---|---|---|---|
| 001 | 43465 | ||
| 003 | BD-RJUL | ||
| 005 | 20211209053712.0 | ||
| 008 | 160622s1961 pk a 00000 eng | ||
| 035 | _aBD-RJUL 43583 | ||
| 040 |
_aBD-RjUL _beng _cBD-RjUL |
||
| 041 | _aeng | ||
| 082 |
_a330.9549 _bKHW 1961 |
||
| 100 | 1 | 0 |
_aKhan, Azizur Rahman. _9133487 |
| 245 | 1 | 0 |
_aWages and prices in Karachi : _ba case study / _cAzizur Rahman Khan. |
| 260 | 0 |
_aKarachi : _bInstitute of Development Economics, _c1961. |
|
| 300 |
_a34 p. : _bill. ; _c22 cm. |
||
| 650 | 0 |
_aWages _zPakistan _zKarachi. _9133488 |
|
| 650 | 0 |
_aInflation (Finance) _zPakistan _zKarachi. _9133489 |
|
| 830 | 0 |
_aMonographs in the economics of development ; _vno. 8 _9156814 |
|
| 942 |
_2ddc _cBK |
||
| 999 |
_c43465 _d43465 |
||